000 00925nam a2200241 i 4500
001 139027
003 ES-MaACL
005 20260327152338.0
007 t|
008 070214s1917 sp a |||| | spa d
100 1 _aSaralegui y Medina, Manuel de.
_9103752
245 1 0 _aSobre el combate y voladura de dos navíos españoles /
_cManuel de Saralegui y Medina.
260 _aMadrid :
_b[s.n.],
_c1917 (
_fImp. de los Hijos de M.G. Hernández)
300 _a57 p. :
_bil. ;
_c20 cm.
490 1 _aMenudencias históricas ;
_v2
530 _aDisponible en formato digital.
650 4 _aAlgeciras, Batalla de, 1801.
_9165847
830 0 _aMenudencias históricas ;
_v2
_9187112
852 _aES-MaACL
_j1542-F-11
_9144055
_cDEPOF
_zRevisado enlace: 28 de Marzo 2025
856 4 _uhttp://bdh-rd.bne.es/viewer.vm?id=0000197467&page=1
_yBiblioteca Digital Hispánica
942 _2udc
999 _c139027
_d139027